000 00296nam a22001337a 4500
008 170921b xxu||||| |||| 00| 0 eng d
020 _a9780393928884
041 _aeng
080 _210TH
_a78
100 _a45
101 _aMUZ
245 _aTHE ENJOYMENT OF MUSIC
_cFORNEY,K
942 _2udc
_cBK
999 _c28756
_d28756